Grace stirs it up / (Record no. 28185)

MARC details
000 -LEADER
fixed length control field 02121cam a2200541Ii 4500
001 - CONTROL NUMBER
control field sjds1072774
003 - CONTROL NUMBER IDENTIFIER
control field sjds
005 - DATE AND TIME OF LATEST TRANSACTION
control field 20230621130618.0
008 - FIXED-LENGTH DATA ELEMENTS--GENERAL INFORMATION
fixed length control field 141023t20152015wiu j 000 1 eng
010 ## - LIBRARY OF CONGRESS CONTROL NUMBER
LC control number 2014040094
020 ## - INTERNATIONAL STANDARD BOOK NUMBER
International Standard Book Number 9781609588922 (paperback)
020 ## - INTERNATIONAL STANDARD BOOK NUMBER
International Standard Book Number 1609588924 (paperback)
020 ## - INTERNATIONAL STANDARD BOOK NUMBER
International Standard Book Number 9781609589523
020 ## - INTERNATIONAL STANDARD BOOK NUMBER
International Standard Book Number 1609589521
020 ## - INTERNATIONAL STANDARD BOOK NUMBER
International Standard Book Number 9781609588922
Terms of availability $18.96
Qualifying information (Library bound)
035 ## - SYSTEM CONTROL NUMBER
System control number 592306
035 ## - SYSTEM CONTROL NUMBER
System control number (OCoLC)886485907
Canceled/invalid control number (OCoLC)886474038
-- (OCoLC)886474055
-- (OCoLC)886485894
-- (OCoLC)898589861
035 ## - SYSTEM CONTROL NUMBER
System control number (OCoLC)ocn886485907
035 ## - SYSTEM CONTROL NUMBER
System control number 592306
040 ## - CATALOGING SOURCE
Original cataloging agency DLC
Language of cataloging eng
Description conventions rda
Transcribing agency DLC
Modifying agency BTCTA
-- YDXCP
-- BDX
-- JAO
-- IEP
-- BKL
-- GO3
-- VTL
-- IFA
-- UtOrBLW
041 ## - LANGUAGE CODE
Language code of text/sound track or separate title eng
049 ## - LOCAL HOLDINGS (OCLC)
Holding library IFAA
099 ## - LOCAL FREE-TEXT CALL NUMBER (OCLC)
Classification number CHILDREN FICTION AMERICAN 2015
999 ## - SYSTEM CONTROL NUMBERS (KOHA)
Koha Dewey Subclass [OBSOLETE] CHILDREN FICTION AMERICAN 2015
100 1# - MAIN ENTRY--PERSONAL NAME
Personal name Casanova, Mary,
Relator term author.
245 10 - TITLE STATEMENT
Title Grace stirs it up /
Statement of responsibility, etc. by Mary Casanova.
264 #1 - PRODUCTION, PUBLICATION, DISTRIBUTION, MANUFACTURE, AND COPYRIGHT NOTICE
Place of production, publication, distribution, manufacture Middleton, WI :
Name of producer, publisher, distributor, manufacturer American Girl Publishing,
Date of production, publication, distribution, manufacture, or copyright notice [2015]
300 ## - PHYSICAL DESCRIPTION
Extent 177 pages ;
Dimensions 20 cm.
336 ## - CONTENT TYPE
Content type term text
Content type code txt
Source rdacontent
337 ## - MEDIA TYPE
Media type term unmediated
Media type code n
Source rdamedia
338 ## - CARRIER TYPE
Carrier type term volume
Carrier type code nc
Source rdacarrier
490 1# - SERIES STATEMENT
Series statement Girl of the year ;
Volume/sequential designation 2
490 1# - SERIES STATEMENT
Series statement American girls collection
520 ## - SUMMARY, ETC.
Summary, etc. Inspired by her grandparents' bakery and her recent visit to Paris, nine-year-old Grace leads her friends in starting La Petite Patisserie, making and selling French pastries at school and special events, but they soon discover that starting a new business is not always easy--or fun.
521 ## - TARGET AUDIENCE NOTE
Target audience note 8+.
521 8# - TARGET AUDIENCE NOTE
Target audience note 730
Source Lexile
526 0# - STUDY PROGRAM INFORMATION NOTE
Program name Accelerated Reader
Interest level MG
Reading level 4.7
Title point value 4.0
Public note 172716
650 #0 - SUBJECT ADDED ENTRY--TOPICAL TERM
Topical term or geographic name as entry element Entrepreneurship
Form subdivision Juvenile fiction.
650 #0 - SUBJECT ADDED ENTRY--TOPICAL TERM
Topical term or geographic name as entry element Business enterprises
Form subdivision Juvenile fiction.
650 #0 - SUBJECT ADDED ENTRY--TOPICAL TERM
Topical term or geographic name as entry element Friendship
Form subdivision Juvenile fiction.
650 #0 - SUBJECT ADDED ENTRY--TOPICAL TERM
Topical term or geographic name as entry element Families
Form subdivision Juvenile fiction.
650 #0 - SUBJECT ADDED ENTRY--TOPICAL TERM
Topical term or geographic name as entry element Bakeries
Form subdivision Juvenile fiction.
650 #0 - SUBJECT ADDED ENTRY--TOPICAL TERM
Topical term or geographic name as entry element Bakers
Form subdivision Juvenile fiction.
830 #0 - SERIES ADDED ENTRY--UNIFORM TITLE
Uniform title Girl of the year.
Name of part/section of a work Grace
Volume number/sequential designation 2.
830 #0 - SERIES ADDED ENTRY--UNIFORM TITLE
Uniform title American girls collection.
942 ## - ADDED ENTRY ELEMENTS (KOHA)
Koha item type Libro/Book
Holdings
Withdrawn status Lost status Damaged status Not for loan Home library Current library Shelving location Date acquired Inventory number Total Checkouts Full call number Barcode Date last seen Price effective from Koha item type
        San Juan Del Sur -- Biblioteca San Juan Del Sur -- Biblioteca English 21/06/2023 Inventory date: 15-5-25   JF 30023164 21/06/2023 21/06/2023 Libro/Book

Powered by Koha